书目信息 |
| 题名: |
事业单位财务报表审计工作底稿编制指引
|
|
| 作者: | ;安徽省注册会计师协会 编 | |
| 分册: | ||
| 出版信息: | 北京 中国财政经济出版社 2013 |
|
| 页数: | 535页 | |
| 开本: | 26cm | |
| 丛书名: | ||
| 单 册: | ||
| 中图分类: | F239.66 | |
| 科图分类: | ||
| 主题词: | 行政事业单位--财务审计--工作--记录--编制 , 行政事业单位 , 财务审计 | |
| 电子资源: | ||
| ISBN: | 978-7-5095-4859-2 | |
| 000 | 00824nam0 2200253 450 | |
| 001 | 523 | |
| 005 | 20140908164452.06 | |
| 010 | @a978-7-5095-4859-2@dCNY78.00 | |
| 100 | @a20131220d2013 em y0chiy50 ea | |
| 101 | 0 | @achi |
| 102 | @aCN@b110000 | |
| 105 | @ak z 000yy | |
| 106 | @ar | |
| 200 | 1 | @a事业单位财务报表审计工作底稿编制指引@e试行@f安徽省注册会计师协会编 |
| 210 | @a北京@c中国财政经济出版社@d2013 | |
| 215 | @a535页@d26cm | |
| 330 | @a本书分为六部分,包括初步业务活动工作和风险评估底稿、预算和内部控制测试工作底稿、实质性程序工作底稿、完成阶段工作底稿、附录。 | |
| 606 | 0 | @a行政事业单位@x财务审计@x工作@x记录@x编制 |
| 606 | 0 | @a行政事业单位 |
| 606 | 0 | @a财务审计 |
| 690 | @aF239.66@v5 | |
| 711 | 02 | @a安徽省注册会计师协会@4编 |
| 801 | 0 | @aCN@bTANGWEI@c20140603 |
| 905 | @b0842897-99@dF239.66@e479@f3 | |
| 事业单位财务报表审计工作底稿编制指引:试行/安徽省注册会计师协会编.-北京:中国财政经济出版社,2013 |
| 535页;26cm |
| ISBN 978-7-5095-4859-2:CNY78.00 |
| 本书分为六部分,包括初步业务活动工作和风险评估底稿、预算和内部控制测试工作底稿、实质性程序工作底稿、完成阶段工作底稿、附录。 |
| ● |
| 相关链接 |
|
|
|
|
正题名:事业单位财务报表审计工作底稿编制指引
索取号:F239.66/479
 
预约/预借
| 序号 | 登录号 | 条形码 | 馆藏地/架位号 | 状态 | 备注 |
| 1 | 0842897 | 208428977 | 第一样本阅览室/ [索取号:F239.66/479] | 在馆 | |
| 2 | 0842898 | 208428986 | 第一借阅区/ [索取号:F239.66/479] | 在馆 | |
| 3 | 0842899 | 208428995 | 密集书库-海洋学院/ [索取号:F239.66/479] | 在馆 |